Statistics for Guess the star wars characters by the hint(kinda hard)

Click here to take the quiz!

General Stats

  • This quiz has been taken 30 times
  • The average score is 9 of 15

Answer Stats

HintAnswer% Correct
Jabba's giant petRancor
92%
Viceroy of the Trade FederationNute Gunray
88%
A chiss who was ranked The Grand Admiral of the imperial navyThrawn
85%
Name of the monster that captured Luke to its caveWampa
81%
A twi'lek that leads the Phoenix squadronHera Syndulla
77%
A shapesihfter hired by Jango FettZam Wesell
65%
A jedi who betrayed the order, he has 2 dual lightsabersPong Krell
62%
Duchess of MandaloreSatine Kryze
58%
The leader of The Death WatchPre Vizsla
54%
A wookie who along with Chewie helped Yoda to escape KashyyykTarfful
54%
A jedi master that was defeated and captured by General Grievous in The Clone WarsEeth Koth
42%
A bounty hunter known for his Kyuzo HelmetEmbo
35%
An Aqualish that formed a partnership with Evazan, had his arm cut by Obi WanPonda Baba
31%
A pantoran politician and military leader that died on Orto PlutoniaChi Cho
15%
The Geonosian QueenKarina The Great
15%

Score Distribution

Percentile by Number Answered

Percent of People with Each Score

Your Score History

You have not taken this quiz